Les carnets de Minna / Elsie Herberstein, Anne Georget
Record details
- ISBN: 978-2-02-097204-8
- Physical Description: 155, xxxvi s. : il., faksim., portréty
- Publisher: Paris : Éditions du Seuil, c2008
Search for related items by subject
| Subject: | Stein, Wilhemina, 1872-1944 Československo > válka světová druhá, 1939-1945 Československo > politika a vláda > 1938-1945 Terezín > tábory koncentrační |
Available copies
- 1 of 1 copy available at Common Catalog SPOK.
Holds
- 0 current holds with 1 total copy.
Show Only Available Copies
| Location | Call Number / Copy Notes | Barcode | Shelving Location | Status | Due Date |
|---|---|---|---|---|---|
| The Jewish community of Prague | K 2947 | 4638301349 | K - Beletrie | Available | - |
| LDR | 01060nam a22002777a 4500 | ||
|---|---|---|---|
| 001 | 54379 | ||
| 003 | CZ-PrJAB | ||
| 005 | 20081204095139.0 | ||
| 007 | ta | ||
| 008 | 080710s2008 fr e ||| | fre d | ||
| 020 | . | ‡a978-2-02-097204-8 ‡q(váz.) | |
| 035 | . | ‡a(CZ PrSKC)zmp000036696 | |
| 040 | . | ‡aABE323 ‡bcze | |
| 100 | 1 | . | ‡aHerberstein, Elsie, ‡d1963- ‡4aut |
| 245 | 1 | 4. | ‡aLes carnets de Minna / ‡cElsie Herberstein, Anne Georget |
| 260 | . | ‡aParis : ‡bÉditions du Seuil, ‡cc2008 | |
| 300 | . | ‡a155, xxxvi s. : ‡bil., faksim., portréty | |
| 600 | 1 | 4. | ‡aStein, Wilhemina, ‡d1872-1944 |
| 651 | 7. | ‡aČeskoslovensko ‡7ge131689 ‡xválka světová druhá, 1939-1945 ‡2czenas | |
| 651 | 7. | ‡aČeskoslovensko ‡7ge131689 ‡xpolitika a vláda ‡y1938-1945 ‡2czenas | |
| 651 | 4. | ‡aTerezín ‡xtábory koncentrační | |
| 653 | 0 | . | ‡aválka světová druhá, 1939-1945 ‡aČeskolovensko ‡atábory koncentrační ‡aholocaust, 1939-1945 ‡aČeskoslovensko ‡akuchařky židovské ‡arecepty židovské |
| 700 | 1 | . | ‡aGeorget, Anne ‡4aut |
| 910 | . | ‡aABE323 ‡xzmp000036696 ‡wl | |
| 910 | . | ‡aABE461 ‡bK 2947 | |
| 995 | . | ‡aska | |
| 901 | . | ‡a54379 ‡bAUTOGEN ‡c54379 ‡tbiblio | |